Farmers given option on valuations (Record no. 66616)

MARC details
000 -LEADER
fixed length control field 00770cam a2200205 4500
001 - CONTROL NUMBER
control field WB3714-53
008 - FIXED-LENGTH DATA ELEMENTS--GENERAL INFORMATION
fixed length control field 000000n2001 000 0 eng u
035 ## - SYSTEM CONTROL NUMBER
System control number (Sirsi) u111797
245 ## - TITLE STATEMENT
Title Farmers given option on valuations
260 ## - PUBLICATION, DISTRIBUTION, ETC.
Date of publication, distribution, etc. 2001
490 ## - SERIES STATEMENT
Series statement Farmers Guardian
Volume/sequential designation 30 March 2001, 6(1)
520 ## - SUMMARY, ETC.
Summary, etc. The Ministry of Agriculture is offering farmers the choice of payments at standard rates or having animals valued by a valuer. These changes have been made to the valuation procedure for animals slaughtered for foot and mouth disease.
590 ## - LOCAL NOTE (RLIN)
Local note WB
650 ## - SUBJECT ADDED ENTRY--TOPICAL TERM
Topical term or geographic name entry element FOOT-AND-MOUTH DISEASE
650 ## - SUBJECT ADDED ENTRY--TOPICAL TERM
Topical term or geographic name entry element LIVESTOCK VALUATIONS
650 ## - SUBJECT ADDED ENTRY--TOPICAL TERM
Topical term or geographic name entry element LIVESTOCK FARMING
650 ## - SUBJECT ADDED ENTRY--TOPICAL TERM
Topical term or geographic name entry element VALUATION PRACTICES
690 ## - LOCAL SUBJECT ADDED ENTRY--TOPICAL TERM (OCLC, RLIN)
Topical term or geographic name as entry element RURAL-FARM BUSINESS MANAGEMENT
942 ## - ADDED ENTRY ELEMENTS (KOHA)
Suppress in OPAC 0
Holdings
Withdrawn status Lost status Source of classification or shelving scheme Damaged status Not for loan Home library Current library Shelving location Date acquired Total Checkouts Full call number Barcode Date last seen Copy number Price effective from Koha item type
    Dewey Decimal Classification     London London News article 03/04/2001   WB3714-53 111797-1001 06/08/2019 1 06/08/2019 News article